| 000 | 00527nam a22001697a 4500 | ||
|---|---|---|---|
| 999 |
_c525335 _d525335 |
||
| 003 | NUST | ||
| 038 | _aMr. Zahoor | ||
| 082 | _a660 | ||
| 100 |
_aBeig, Bilal _916156 |
||
| 245 |
_aDevelopment and Characterization of Polymer Coating for Slow Release Urea Fertilizer / _cBilal Beig |
||
| 260 |
_aIslamabad : _bSCME - NUST, _c2018. |
||
| 300 |
_aviii, 62 p. : ill. ; _c30 cm. |
||
| 500 | _aHardcover. | ||
| 650 |
_aChemical Engineering - MS Thesis _916130 |
||
| 700 |
_aDr. Muhammad Bilal Khan Niazi _916157 |
||
| 942 |
_2ddc _cTHE |
||